000 00563nam a2200181Ia 4500
008 100920s9999 xx 000 0 und d
082 _b102944
_a891.463.1 न 08
100 _aगाडगीळ कमल.
245 _aकोष गूढकथा.
260 _bमनोकिास प्रकाशन, पुणे.
_c2008
300 _a168
_bसाधी
365 _b140
520 _aलघुकथा.
630 _aकोष गूढकथा.
650 _aलघुकथा.
730 _aकोष गूढकथा.
942 _cBOOK
999 _c743376
_d743373